Statistiques concernant Pays avec des positions inversées #2

Cliquez ici pour prendre le quiz!

Statistiques générales

  • Ce quiz a été pris 67 fois
  • Le résultat moyen est 6 sur 10

Réponses sur la Carte

Les réponses sont colorées sur une échelle allant du rouge au vert en fonction du pourcentage des utilisateurs qui les ont devinées à leur premier essai. Vous pouvez retrouver ces pourcentages ci-dessous.
 

Statistiques - réponses

payséchanger% Correct
GrèceBangladesh
81%
BangladeshGrèce
78%
NicaraguaAzerbaïdjan
75%
Corée du NordOuganda
70%
ÉquateurGabon
68%
OugandaCorée du Nord
67%
GabonÉquateur
57%
AzerbaïdjanNicaragua
54%
ChypreJamaïque
30%
JamaïqueChypre
30%

Distribution des résultats

Percentile par nombre de réponses

% des personnes avec chaque résultat

Votre développement - résultats

Vous n’avez pas pris ce quiz